00914ntm a22002177a 450000500170000000800410001704000280005808200170008610000280010324501240013126000100025530000410026550001820030659000110048865000390049965300230053865500090056194200080057099900170057895201010059520170810125241.0170802s2013 xx a frb 000 0 eng d aEG-ScBUEbengcEG-ScBUE04222a624bSHO1 aShohdy, Michael George.10aKnowledge management as an approach for improving organization performance in construction /cby Michael George Shohdy. c2013. avii , 62 p. :bill. (col.) ;c28 cm. aA dissertation submitted to the faculty of engineering, the British university in Egypt, in partial fulfillment of the requirements for the bachelor degree in civil engineering. aAishaa 72BUEshaCivil EngineeringvProjects bENGCIVcAugust2017 vSPRO 2ddc c25112d25084 00102ddc4070aMAINbMAINc2NDd2017-08-06l0o624 SHOp000046276r2025-07-15 00:00:00yPROJST